Museos locales y particulares de la provincia de Barcelona : Vilanova i la Geltrú : Museo Balaguer Vilanova i la Geltrú :
Publicado:
[Barcelona] :
Diputación Provincial de Barcelona, Servicio de Promoción del Turismo, Sección de Publicaciones, DL 1975
Descripción Física:
15 p. : il. col. ; 21 cm
Colección:
Museos. Serie I-2 ; 3
MARC
| LEADER | 00000nam a2200000Ia 4500 | ||
|---|---|---|---|
| 001 | 14895 | ||
| 003 | BGR | ||
| 005 | 20260324175240.0 | ||
| 008 | 160829s9999 xx 000 0 cat d | ||
| 080 | |a FU-29-29 | ||
| 110 | 2 | |a Biblioteca Museu Víctor Balaguer |9 54322 | |
| 245 | |a Museos locales y particulares de la provincia de Barcelona : |b Vilanova i la Geltrú : |b Museo Balaguer | ||
| 260 | |a [Barcelona] : |b Diputación Provincial de Barcelona, Servicio de Promoción del Turismo, Sección de Publicaciones, DL 1975 | ||
| 300 | |a 15 p. : |b il. col. ; |c 21 cm | ||
| 490 | |a Museos. Serie I-2 ; 3 | ||
| 590 | |a Hi ha un duplicat: DUP-65-10 | ||
| 650 | |a Biblioteca-Museu Balaguer |x Guies |9 23104 | ||
| 650 | |a Museus |x Vilanova i la Geltrú |x Guies |9 23105 | ||
| 710 | 1 | |a Barcelona (Catalunya : Província). |b Diputació |b Servei de Promoció del Turisme |9 52408 | |
| 901 | |a Arxiu | ||
| 942 | |n 1 |2 udc |c MON | ||
| 952 | |0 0 |1 0 |4 0 |6 FU2929 |7 1 |9 42536 |a Arxiu |b Arxiu |d 2016-12-01 |l 0 |o FU-29-29 |p 14895 |r 2016-12-01 00:00:00 |w 2016-12-01 |y ARXIU | ||
| 999 | |c 45041 |d 45041 | ||